00389nam a2200157Ia 45000010006000000050017000060080041000230410008000640820016000721000048000882450036001362600009001723000034001816500008002156540008002231547120260306170158.0260306t2016||||xx |||||||||||||| ||und|| aESP a540.07bF59 aFlorentino la Torre, Wilfredo HumbertoeAUT 0aQuímica:bla ciencia básica c2016 axii, 1376 páginas :c22 cm. aGEN aCCN